000 00393nam a2200133Ia 4500
005 20260326100030.0
008 260326s9999||||xx |||||||||||||| ||und||
100 _aDesignSingapore Council
245 0 _a1000 Singapores :
_b A model of the compact City /
_cDesignSingapore Council
260 _bSingapore Institute of Architects
300 _a347 p.
650 _aARQUITECTURA CIVIL
942 _cBK
999 _c6574
_d6574